Análisis de factibilidad para la creación de una microempresa dedicada a la comercialización de semillas agrícolas como alternativa de desarrollo económico local sostenible en el Municipio ecológico productivo de Achocalla (Registro nro. 9689)

000 -CABECERA (24)
Campo de control interno 02849nam a22002774a 4500
003 - IDENTIFICADOR DE CONTROL
Campo control BOLpUSFA
005 - FECHA Y HORA DE CATALOGACION
Campo de control 20260407144645.0
008 - ELEMENTOS DE LONGITUD FIJA - INFORMACIÓN GENERAL
Campo de control de longitud fija t bo gr 000 f spa d
040 ## - Origen de la Catalogacion
Origen de la Catalogacion BOLpUSFA
041 ## - Código de idioma (R)
Código de lengua del texto/banda sonora o título independiente (R) spa
044 ## - Código de país de la publicación
Codigo de pais MARC BO
082 ## - Número de la Clasificación Decimal Dewey
Número de la Clasificación Decimal Dewey ADM0041
Codigo Cutter H874aPG
100 ## - Autor Personal
Autor Personal Huaylluco Carrillo, Juan Pablo
245 ## - Titulo
Titulo Análisis de factibilidad para la creación de una microempresa dedicada a la comercialización de semillas agrícolas como alternativa de desarrollo económico local sostenible en el Municipio ecológico productivo de Achocalla
260 ## - Editorial
Ciudad El Alto:
Nombre de la Editorial Universidad Privada San Francisco de Asís. Carrera de Administración de Empresas,
Fecha 2025
300 ## - Descripcion
Extension 199 p.
502 ## - Nota de Tesis
Nota de Tesis Modalidad: Proyecto de Grado - <br/>Tutor: Ing. Carlos Villarroel Prieto
520 ## - Resumen
Resumen El presente proyecto de grado tiene por objetivo demostrar la factibilidad de <br/>creación de la microempresa Semillas KAWSAY, dedicada a la comercialización <br/>de semillas agrícolas nativas, en el Municipio Ecológico Productivo de Achocalla, <br/>departamento de La Paz. La propuesta se fundamenta en el aprovechamiento de <br/>variedades como tomate, lechuga, arveja, maíz andino, quinua real, cañahua, <br/>tarwi y semillas ornamentales, enfocándose en la valorización de la producción <br/>local, la soberanía alimentaria y la agroecología. <br/>A través de un diagnóstico de mercado, se identificó una demanda creciente de <br/>insumos agrícolas en el municipio, así como limitaciones en la oferta formal y <br/>especializada. Se elaboró un plan administrativo con base en el proceso de <br/>planeación, organización, dirección y control, estableciendo una estructura <br/>funcional eficiente. El plan de marketing contempla las 4P (producto, precio, plaza <br/>y promoción), priorizando canales digitales, ferias productivas y puntos de venta <br/>estratégicos en Achocalla, El Alto y La Paz. <br/>La inversión inicial requerida asciende a 124.587 Bs, contemplando <br/>infraestructura, activos fijos, activos intangibles y capital de trabajo. Los resultados <br/>financieros reflejan alta viabilidad: el punto de equilibrio se alcanza el primer año, <br/>el VAN es de 624.728 Bs, la TIR alcanza el 145%, la relación B/C es 6,01, y la <br/>inversión se recupera en 6 meses. En conclusión, Semillas KAWSAY representa <br/>una propuesta rentable, sostenible y de impacto positivo en el desarrollo local, <br/>promoviendo prácticas agrícolas responsables y generando empleo digno en la <br/>zona rural y periurbana de La Paz. <br/>
650 ## - Temas - Descriptores
Temas - Descriptores Administración de Empresas
650 ## - Temas - Descriptores
Temas - Descriptores Proyecto de Grado
650 ## - Temas - Descriptores
Temas - Descriptores Estudio de factibilidad
650 ## - Temas - Descriptores
Temas - Descriptores Semillas
650 ## - Temas - Descriptores
Temas - Descriptores Alimentos
651 ## - Punto de acceso adicional de materia - Nombre geográfico (R)
Nombre geográfico (NR) El Alto
942 ## - ELEMENTOS DE KOHA
Esquema de Clasificaci
Tipo de Documento Tesis
Catalogador LLO
Existencias
Retirado (estado) Perdido (estado) Fuente de Clasificacion Deterioro (estado) Prestamo Coleccion Ubicacion permanente Ubicacion actual Fondo Fecha de adquisicion Origen de adquisicion Prestamos Signatura Topografica Codigo de barras Ultima fecha de verificacion Price effective from Tipo de Item
No Dañado Disponible   No Dañado Disponible Tesis Biblioteca USFA El Alto Biblioteca USFA El Alto Colección Tesis 03/30/2026 Depósito   ADM0041 H874aPG BEA01537 03/30/2026 03/30/2026 Tesis

Universidad Privada San Francisco de Asis (USFA)
Sopocachi, av. 20 de octubre esq. Belisario Salinas No.397 (Plaza Abaroa)
Telf.fax (+591-2) 2443773
info@usfa.edu.bo